000 00879cam a22002654a 4500
003 UPN
005 20230513063553.0
008 090217s2001 es r 000 0cspa d
020 _a8426115128
035 _aUPN01000169434
040 _aUPN
_bspa
_cUPN
049 _aCG
050 4 _aDG277
_bS83 2001b
100 1 _aSuetonio Tranquilo, Cayo,
_dca. 69-140
_927904
245 1 0 _aVida de los doce Césares /
_cSuetonio ; estudio preliminar, notas y traducción directa y literal del latín por Vicente López Soto.
250 _aSexta edición
260 _aBarcelona, España :
_bJuventud,
_c2001.
300 _a349 páginas
490 0 _aLibros de bolsillo Z. Clásicos
650 4 _aEmperadores romanos
_91646
651 4 _aRoma
_xHistoria
_yImperio, 30 A.c.-284 D.c.
_94132
700 1 _aLópez Soto, Vicente
_etraductor
_945870
905 _aLibro
942 _2lcc
_cLIBRO
999 _c141540
_d141540